Árufuvarozási és szállítmányozási feladatok elemzése a Rail Cargo Terminal - BILK Zrt-nél

Bibliographic Details
Main Author: Kiss Csilla Nikolett
Other Authors: Bartha Dr. Andrea
Format: Thesis
Kulcsszavak:irányvonat
Kombinált fuvarozás
Konténer
BILK
forgalom
Online Access:http://dolgozattar.uni-bge.hu/4327

MARC

LEADER 00000nta a2200000 i 4500
001 dolg4327
005 20160127145845.0
008 151210suuuu hu om 000 hun d
040 |a BGE Dolgozattár Repozitórium  |b hun 
041 |a hu 
100 1 |a Kiss Csilla Nikolett 
245 1 0 |a Árufuvarozási és szállítmányozási feladatok elemzése a Rail Cargo Terminal - BILK Zrt-nél  |c Kiss Csilla Nikolett  |h [elektronikus dokumentum] 
695 |a irányvonat 
695 |a Kombinált fuvarozás 
695 |a Konténer 
695 |a BILK 
695 |a forgalom 
700 1 |a Bartha Dr. Andrea  |e ths 
856 4 0 |u http://dolgozattar.uni-bge.hu/4327/1/Kiss%20Csilla%20Nikolett%202015.pdf  |z Dokumentum-elérés